000 00485nam a2200181 a 4500
001 1762942913942
003 YourLibrary
005 20251112155323.0
008 251112s1926##################000#0#eng##
020 _a9788130702827
082 0 4 _a615.26630954
_bMOO
100 1 _aMookerji, Bhudeb,
_eauthor.
245 1 0 _aRasa-Jala Nidhi Ocean of Indian Chemistry and Alchemy :
260 _c1926.
650 0 _aAlchemy.
942 _cENGLISH
040 _aYourLibrary
_beng
_cYourLibrary
999 _c597277
_d597277